Statistics for Guess the Movie by IMDB Description #3

Click here to take the quiz!

General Stats

  • This quiz has been taken 88 times
  • The average score is 6 of 10

Answer Stats

DescriptionMovie% Correct
In the summer of 1989, a group of bullied kids band together to destroy a shape-shifting monster, which disguises itself as a clown and preys on the children of Derry, their small Maine town.It
95%
In a post-apocalyptic world, a family is forced to live in silence while hiding from monsters with ultra-sensitive hearing.A Quiet Place
65%
When her father unexpectedly dies, young Ella finds herself at the mercy of her cruel stepmother and her scheming stepsisters. Never one to give up hope, Ella's fortunes begin to change after meeting a dashing stranger.Cinderella
65%
The aging patriarch of an organized crime dynasty in postwar New York City transfers control of his clandestine empire to his reluctant youngest son.The Godfather
65%
A police officer joins a secret organization that polices and monitors extraterrestrial interactions on Earth.Men in Black
62%
A thief who steals corporate secrets through the use of dream-sharing technology is given the inverse task of planting an idea into the mind of a C.E.O., but his tragic past may doom the project and his team to disaster.Inception
58%
After being coerced into working for a crime boss, a young getaway driver finds himself taking part in a heist doomed to fail.Baby Driver
53%
A look at how tennis superstars Venus and Serena Williams became who they are after the coaching from their father Richard Williams.King Richard
49%
The jury in a New York City murder trial is frustrated by a single member whose skeptical caution forces them to more carefully consider the evidence before jumping to a hasty verdict.12 Angry Men
48%
In 2035, a technophobic cop investigates a crime that may have been perpetrated by a robot, which leads to a larger threat to humanity.I, Robot
30%

Score Distribution

Percentile by Number Answered

Percent of People with Each Score

Your Score History

You have not taken this quiz